Normal view
MARC view
- هنادي، محمد عبد القادر
Entry Personal Name
001 - CONTROL NUMBER
- control field: 18056
003 - CONTROL NUMBER IDENTIFIER
- control field: JO-AjAnu
005 - DATE AND TIME OF LATEST TRANSACTION
- control field: 20230606073158.0
008 - FIXED-LENGTH DATA ELEMENTS
- fixed length control field: 230606|| aca||aabn | a|a d
040 ## - CATALOGING SOURCE
- Original cataloging agency: JO-AjAnu
- Transcribing agency: JO-AjAnu
100 ## - HEADING--PERSONAL NAME
- Personal name: هنادي، محمد عبد القادر
670 ## - SOURCE DATA FOUND
- Source citation: Work cat.: (JO-AjAnu)9271: هنادي، محمد عبد القادر, author, قلاع المسلمين مهددة من داخلها وخارجها